000 01108nam a2200229 a 4500
001 000046728
005 20201002053058.0
008 180327s2014 dr 000 0 spa d
040 _aDO-SdBNP
_bspa
_cBNPHU
082 _axxx
_bR426le
110 2 _aRepública Dominicana
_9447
240 0 _a[Leyes, etc.]
245 1 0 _aLey de presupuesto general del Estado 2014 :
_bno. 155-13.
246 1 3 _aLey no. 155-13
260 _aSanto Domingo :
_bMinisterio de Hacienda,
_c2014.
300 _av. ;
_c28 cm.
505 0 _av.1: Primera parte --
_tLey de presupuesto general del Estado 2014 --
_tInforme explicativo y política presupuestaría 2014 --
_gSegunda parte --
_tAnexos de la ley --
_gTercera parte --
_tDistribución institucional de los gastos apropiados --
_tPoder Legislativo --
_tPoder Ejecutivo --
_tPoder Judicial --
_tOrganisms especiales --
_tCatergorías institucionales --
590 _aInventariado, 2018 /VM
650 4 _aPresupuesto
_zRepública Dominicana
_97940
650 4 _aHacienda pública
_zRepública Dominicana
_96562
651 4 _aRepública Dominicana
_xGastos Presupuestarios Públicos
_936795
999 _c46217
_d46217